[Event "Darmstadt sim"]
[Site "Darmstadt"]
[Date "2000.06.20"]
[Round "?"]
[White "Svidler, Peter"]
[Black "Fietz, Harald"]
[Result "1-0"]
[WhiteElo "2672"]
[BlackElo "2179"]
[PlyCount "53"]
[EventDate "2000.06.19"]
[EventType "simul"]
[EventRounds "1"]
[EventCountry "GER"]
[SourceTitle "CBM 076 Extra"]
[Source "ChessBase"]
[SourceDate "2000.07.11"]
[SourceVersion "1"]
[SourceVersionDate "2000.07.11"]
[SourceQuality "1"]

1. e4 e6 2. d4 d5 3. Nc3 dxe4 4. Nxe4 Nf6 5. Nxf6+ gxf6 6. Nf3 Be7 7. g3 b6 8.
Bg2 Bb7 9. O-O Nd7 10. c4 Nf8 11. d5 h5 12. Nd4 Qc8 13. Re1 e5 14. Qa4+ Kd8 15.
Nc6+ Bxc6 16. Qxc6 Bd6 17. b4 Nd7 18. Bh3 Rb8 19. c5 bxc5 20. bxc5 Be7 21. Be3
h4 22. Bf5 hxg3 23. hxg3 Rb4 24. Rab1 Nb8 25. Qa8 Rxb1 26. Rxb1 Nd7 27. Qc6 1-0

[Event "Darmstadt sim"]
[Site "Darmstadt"]
[Date "2000.06.20"]
[Round "?"]
[White "Svidler, Peter"]
[Black "Schramm, Christian"]
[Result "0-1"]
[WhiteElo "2672"]
[BlackElo "2326"]
[PlyCount "78"]
[EventDate "2000.06.19"]
[EventType "simul"]
[EventRounds "1"]
[EventCountry "GER"]
[SourceTitle "CBM 076 Extra"]
[Source "ChessBase"]
[SourceDate "2000.07.11"]
[SourceVersion "1"]
[SourceVersionDate "2000.07.11"]
[SourceQuality "1"]

1. e4 c5 2. Nf3 Nc6 3. d4 cxd4 4. Nxd4 Nf6 5. Nc3 g6 6. Be3 Bg7 7. Bc4 d6 8. f3
h5 9. Qd2 Bd7 10. O-O-O Rc8 11. Bb3 Ne5 12. Kb1 a6 13. h3 b5 14. f4 b4 15. Nd5
Nxe4 16. Qe2 Nc6 17. Nxc6 Rxc6 18. Bb6 Rxb6 19. Nxb6 Nc3+ 20. bxc3 Qxb6 21. Qc4
O-O 22. cxb4 Be6 23. Qe4 Bf5 24. Qe1 h4 25. Rf1 a5 26. a4 Bf6 27. Rd5 axb4 28.
Qd2 Bc3 29. Qf2 Qxf2 30. Rxf2 Ra8 31. Re2 Kf8 32. Rb5 Bd7 33. Rb7 Bxa4 34.
Rexe7 Bd7 35. Rxf7+ Ke8 36. Ba2 Rxa2 37. Kxa2 Be6+ 38. Kb1 Bxf7 39. Rb5 Ke7 0-1

[Event "North Sea Cup 15th"]
[Site "Esbjerg"]
[Date "2000.07.11"]
[Round "5"]
[White "De Firmian, Nick E"]
[Black "Svidler, Peter"]
[Result "0-1"]
[WhiteElo "2567"]
[BlackElo "2689"]
[Annotator "Wedberg,T"]
[PlyCount "92"]
[EventDate "2000.07.07"]
[EventType "tourn"]
[EventRounds "9"]
[EventCountry "DEN"]
[EventCategory "14"]
[SourceTitle "CBM 078"]
[Source "ChessBase"]
[SourceDate "2000.10.18"]
[SourceVersion "1"]
[SourceVersionDate "2000.10.18"]
[SourceQuality "1"]

1. e4 e5 2. Nf3 Nc6 3. Bb5 a6 4. Ba4 Nf6 5. O-O Be7 6. Re1 b5 7. Bb3 d6 8. c3
O-O 9. h3 Nd7 10. a4 Bb7 11. d4 Bf6 12. axb5 (12. d5 {This was Svidlers choice
against Grischuk in the same event. It makes a5 a slightly less attractive
square for the N.}) 12... axb5 13. Rxa8 Qxa8 14. d5 Na5 (14... Ne7 15. Na3 Ba6
{is the other main line.}) 15. Bc2 Nc4 (15... Be7 16. Na3 c6 17. dxc6 Bxc6 18.
Qe2 Qa6 19. Nd2 Rb8 20. b4 Nb7 21. Nb3 Nf6 22. Bd3 Nd8 23. Na5 Be8 24. Bd2 Ne6
$13 {1/2-1/2 Galkin,A-Polovodin,I/St. Petersburg 1998/CBM 67 ext (58)}) 16. b3
Ncb6 17. Ba3 $146 {[%mdl 8] I guess Nick wants to halt the c6 break, but it´s
just a temporary measure. The B later ends up on b4 but it´s not a very
comfortable place since Black can threaten to exchange it for a N.} (17. Na3
Ba6 18. Nh2 c6 19. dxc6 Qxc6 20. Bd2 Be7 21. Ng4 Ra8 22. Ne3 Nf6 23. Nf5 Bf8
24. Bg5 Nbd7 $11 {1/2-1/2 Kasparov,G-Karpov,A/Lyon/New York 1990/CBM 21/
[Schussler] (41)}) 17... Be7 18. Qe2 Ba6 19. Bd3 c6 20. dxc6 Qxc6 21. Bb4 {
Superficially this looks quite good, but the B is doing nothing on b4.} Nc5 22.
Bc2 Nbd7 23. Na3 Rb8 24. Nd2 Nf6 25. Bb1 Bd8 $1 {[%csl Ya5,Rb4][%mdl 2048]} 26.
Qf3 Bc8 $1 $15 {[%csl Rb4][%cal Yc5a6] Svidler has played all the right moves.
Now the threat is simply to play Na6. All White´s minor pieces are in bad
squares.} 27. c4 bxc4 28. Bxc5 Qxc5 29. Naxc4 Be6 30. Rd1 Qb4 31. Bd3 Ra8 32.
Bf1 Ra2 33. Qd3 Bc7 34. Rb1 g6 {Setting a trap.} 35. g3 $2 (35. Rb2 $142) 35...
d5 $1 $17 36. exd5 Bf5 37. Qf3 Rxd2 38. Nxd2 Qxd2 39. Rd1 Qb4 40. Qe2 Qxb3 41.
g4 Bd7 42. d6 Bb6 43. Bg2 Bd4 44. Kh1 Bb5 45. Qf3 Qxf3 46. Bxf3 Ne8 0-1

[Event "North Sea Cup 15th"]
[Site "Esbjerg"]
[Date "2000.07.12"]
[Round "6"]
[White "Svidler, Peter"]
[Black "De Vreugt, Dennis"]
[Result "1-0"]
[WhiteElo "2689"]
[BlackElo "2511"]
[PlyCount "73"]
[EventDate "2000.07.07"]
[EventType "tourn"]
[EventRounds "9"]
[EventCountry "DEN"]
[EventCategory "14"]
[SourceTitle "CBM 078"]
[Source "ChessBase"]
[SourceDate "2000.10.18"]
[SourceVersion "1"]
[SourceVersionDate "2000.10.18"]
[SourceQuality "1"]

1. e4 e5 2. Nf3 Nc6 3. Bb5 a6 4. Ba4 Nf6 5. O-O b5 6. Bb3 Be7 7. Re1 O-O 8. h3
Bb7 9. d3 d6 10. a3 Qd7 11. Nc3 Rae8 12. a4 b4 13. Nd5 Nxd5 14. Bxd5 Nd8 15.
Bxb7 Nxb7 16. d4 exd4 17. Qxd4 a5 18. Qd5 Qc8 19. Bf4 c6 20. Qc4 Bf6 21. Rad1
Re6 22. Nd4 Bxd4 23. Qxd4 Rd8 24. Kh2 d5 25. exd5 Rxd5 26. Qb6 Rxd1 27. Rxd1 h6
28. Qd4 Re7 29. Rd3 Qf5 30. Bxh6 f6 31. Be3 Qe6 32. b3 c5 33. Qf4 Kf7 34. h4
Re8 35. Qf3 Qc8 36. Bf4 Nd8 37. Qh5+ 1-0

[Event "Biel GM"]
[Site "Biel"]
[Date "2000.07.28"]
[Round "5"]
[White "Van Wely, Loek"]
[Black "Svidler, Peter"]
[Result "1/2-1/2"]
[WhiteElo "2643"]
[BlackElo "2689"]
[Annotator "Krasenkow,M"]
[PlyCount "50"]
[EventDate "2000.07.24"]
[EventType "tourn"]
[EventRounds "10"]
[EventCountry "SUI"]
[EventCategory "16"]
[SourceTitle "CBM 079"]
[Source "ChessBase"]
[SourceDate "2000.11.21"]
[SourceVersion "1"]
[SourceVersionDate "2000.11.21"]
[SourceQuality "1"]

1. d4 Nf6 2. c4 g6 3. Nc3 d5 4. Nf3 Bg7 5. cxd5 Nxd5 6. e4 Nxc3 7. bxc3 c5 8.
Rb1 O-O 9. Be2 cxd4 10. cxd4 Qa5+ 11. Bd2 Qxa2 12. O-O Bg4 13. Bg5 h6 14. Be3
Nc6 15. d5 Bxf3 16. Bxf3 Ne5 {About this line - see CBM74} 17. Rxb7 a5 $1 {
Similar to the 13.Be3 line, this is more accurate than} (17... e6 18. Qe2 Nxf3+
19. Qxf3 exd5 20. exd5 a5 21. Rfb1 Qc2 22. Bf4 (22. Rc1 $5) 22... Qc3 23. Qxc3
{1/2-1/2 Kramnik,V-Anand,V/Amber Rapid, Monte Carlo MON 1998}) 18. Bc5 ({
Also after} 18. Rxe7 a4 19. Bd4 Nxf3+ 20. gxf3 Bxd4 21. Qxd4 a3 {the a-pawn
guarantees Black sufficient counterplay, e.g.} 22. Kg2 Qb2 23. Qxb2 axb2 24.
Rb7 Rfb8 25. Rxb8+ Rxb8 26. Rb1 Kg7 27. f4 Kf6 28. h4 Rb3 29. f3 Ke7 30. e5 h5
31. Kf2 f6 32. Ke2 Rb5 33. Ke3 fxe5 34. fxe5 Rxd5 35. Rxb2 {1/2-1/2 Agrest,
E-Barkhagen,J/ch-SWE 2000}) 18... a4 19. Bxe7 Rfb8 20. Rxb8+ Rxb8 21. d6 Qe6 $1
{The simplest way to equality. White must take the a4 pawn before it becomes
dangerous, and Black forces a perpetual.} 22. Qxa4 Nxf3+ 23. gxf3 Qh3 $1 {
[%cal Rg7e5] even better than} (23... Be5 24. Qa5 Bxd6) 24. Qa5 Qxf3 25. Qd5
Qg4+ 1/2-1/2

[Event "Biel GM"]
[Site "Biel"]
[Date "2000.07.31"]
[Round "7"]
[White "Svidler, Peter"]
[Black "Gallagher, Joseph G"]
[Result "1-0"]
[WhiteElo "2689"]
[BlackElo "2514"]
[PlyCount "69"]
[EventDate "2000.07.24"]
[EventType "tourn"]
[EventRounds "10"]
[EventCountry "SUI"]
[EventCategory "16"]
[SourceTitle "CBM 079"]
[Source "ChessBase"]
[SourceDate "2000.11.21"]
[SourceVersion "1"]
[SourceVersionDate "2000.11.21"]
[SourceQuality "1"]

1. e4 c5 2. Nf3 d6 3. d4 cxd4 4. Nxd4 Nf6 5. Nc3 a6 6. Be3 e5 7. Nb3 Be6 8. f3
Nbd7 9. g4 b5 10. g5 b4 11. Nd5 Nxd5 12. exd5 Bf5 13. Bd3 Bxd3 14. Qxd3 Be7 15.
h4 O-O 16. O-O-O a5 17. Nd2 f5 18. gxf6 Nxf6 19. h5 Qc8 20. h6 g6 21. Rdg1 Kh8
22. f4 Qa6 23. Nc4 Rfc8 24. b3 a4 25. fxe5 dxe5 26. d6 axb3 27. axb3 Rd8 28.
Bg5 Ng8 29. Qe3 Bxg5 30. Rxg5 Rxd6 31. Nxd6 Qxd6 32. Kb1 Ra5 33. Qc1 Qf6 34.
Rg4 Nxh6 35. Qxh6 1-0

[Event "Biel GM"]
[Site "Biel"]
[Date "2000.08.04"]
[Round "10"]
[White "Gelfand, Boris"]
[Black "Svidler, Peter"]
[Result "1/2-1/2"]
[WhiteElo "2681"]
[BlackElo "2689"]
[Annotator "Gelfand,B"]
[PlyCount "65"]
[EventDate "2000.07.24"]
[EventType "tourn"]
[EventRounds "10"]
[EventCountry "SUI"]
[EventCategory "16"]
[SourceTitle "CBM 079"]
[Source "ChessBase"]
[SourceDate "2000.11.21"]
[SourceVersion "1"]
[SourceVersionDate "2000.11.21"]
[SourceQuality "1"]

1. e4 {Wedberg} e5 2. Nf3 Nc6 3. Bb5 a6 4. Ba4 Nf6 5. O-O Be7 6. Re1 b5 7. Bb3
d6 8. c3 O-O 9. h3 Nd7 10. d4 Bf6 11. a4 Bb7 12. Na3 (12. d5 {Wedberg} Ne7 13.
axb5 axb5 14. Rxa8 Qxa8 15. Na3 {is the main alternative.}) 12... exd4 13. cxd4
Re8 14. axb5 (14. Bf4 {Wedberg} Na5 15. Bc2 b4 16. Nb1 Nf8 17. Nbd2 Ne6 18. Be3
c5 19. d5 Nf8 20. Rb1 c4 21. Qe2 Rc8 $13 {1-0 Svidler,P-Smagin,S/St Petersburg
1998/CBM 67/[Wedberg] (35)}) 14... axb5 15. Bf4 (15. d5 {Wedberg} Nce5 16. Nxe5
Nxe5 17. Rb1 Ba6 18. Nc2 Bb7 19. Nd4 $14 {1-0 Manik,M-Dolezal,V/Mlada Boleslav
op 1995/EXT 97 (40)}) (15. Ba2 $6 {Wedberg} b4 16. Nc2 $2 Rxa2 $1 17. Rxa2 b3
$17 {0-1 Bashkov,V-Barkhagen,J/URS 1991/CBM 26/[Schussler] (32)}) 15... Na5 16.
Bc2 b4 17. Nb5 Bc6 18. Qd3 $1 {N 'N!?' Wedberg.} (18. Bd3 {Wedberg} Qb8 19. Qe2
(19. Qa4 Nc4 20. Qxb4 Rxa1 21. Rxa1 Qxb5 22. Qxc4 Qxc4 23. Bxc4 Rxe4 $11 {
1/2-1/2 Konguveel,P-Ravi,T/Kasaragod 1996/EXT 98 (40)}) 19... Qb6 20. d5 Bb7
21. Be3 Nc5 22. Qc2 Nab3 23. Rad1 Qa5 $13 {1-0 Toth,A-Belmonte,D/Rio de
Janeiro 1998/EXT 2000 (45)}) 18... Nf8 (18... g6 $142 $5) (18... g6 {Wedberg}
19. e5 dxe5 20. dxe5 Bg7 21. e6 $1 $16 {[%cal Yb5c7,Yf4c7]}) 19. d5 $16 (19. e5
$5) 19... Bd7 (19... Bb7 20. Bd2 $16) 20. e5 (20. Nbd4 Ng6 21. Bd2 c5 (21...
Qb8 22. Ba4) 22. dxc6 Nxc6 23. Rxa8 Qxa8 24. Nxc6 Bxc6 25. Bxb4 Bxb2 26. Bxd6
$16) 20... dxe5 (20... b3 21. exf6 bxc2 22. Rxe8 Bxe8 23. fxg7 Ng6 24. Bd2 $18)
21. Nxe5 {'|^' Wedberg.} b3 {'!' Wedberg.} (21... Bxe5 22. Rxe5 $1 (22. Bxe5 b3
23. Bxb3 $140 $2 (23. Bb1 $142) 23... Nxb3 24. Rxa8 Qxa8 25. Qxb3 Qa5 26. Nc3
Ng6 $17 (26... f6 $5)) 22... Rxe5 23. Bxe5 Bxb5 24. Qxb5 c6 $16) 22. Nxd7 (22.
Bxb3 $2 {Wedberg} Nxb3 23. Rxa8 Qxa8 24. Nxc7 (24. Qxb3 Bxb5 25. Qxb5 Ng6 $19)
24... Qa5 25. Qc3 Rb8 $17) 22... Qxd7 (22... Rxe1+ 23. Rxe1 Qxd7 (23... bxc2
24. Nxf8 Qxf8 25. Qxc2 Qb4 26. Qe2 $18) 24. Bd1 (24. Nxc7 Rc8 25. Bxb3 Nxb3 26.
Qxb3 Rxc7 27. Bxc7 Qxc7 $14) 24... Ne6 (24... Rb8 25. Nc3 Ne6 26. Bg3 Bxc3 27.
Qxc3 Qxd5 28. Bf3) 25. Rxe6 fxe6 26. Nxc7 Ra7 (26... Rd8 27. Bg4) 27. Bg4 $16)
23. Rxe8 Rxe8 24. Bb1 (24. Nxc7 bxc2 25. Nxe8 (25. Qxc2 $5) 25... Qxe8 26. Qxc2
Qb5) (24. Bd1 $5 Re1+ (24... Ne6 25. Bg4 Rb8 26. Qf3) 25. Kh2 Nb7 (25... Be5
26. Bxe5 Rxe5 27. Bf3 $16) 26. Qxb3 $16 (26. Bg4 Qe7 $132 (26... Qe8 27. Nxc7
Qe4 28. Qxe4 Rxe4 29. Bg3 Bxb2 30. Rb1 Be5 31. Rxb3 Nd6 $16))) (24. Bxb3 {
Wedberg} Nxb3 25. Qxb3 Rb8 26. Ra5 Bd4 $1 $44) 24... Nb7 (24... Re1+ 25. Kh2
Nb7 26. Nxc7 Bxb2 27. Ra8 Nd8 (27... g6 28. Qxb3 Rxb1 29. Qxb7 $18) 28. Na6 $16
) (24... c6 $5 {Wedberg}) 25. Nxc7 (25. Qxb3 $2 Re1+ 26. Kh2 Rxb1 $1 27. Rxb1
Qf5 {'-/+' Wedberg.}) (25. Ra7 $6 c6 (25... Nc5 26. Qc4 Re1+ 27. Kh2 Rxb1 28.
Rxc7 Qf5 (28... Qd8 29. Qxc5 Rxb2 30. Rc8 Rc2 31. Nc3 $1 $16) 29. Rxc5 Rxb2 $13
) 26. dxc6 (26. Nd6 Re1+ 27. Kh2 Nc5 28. Rxd7 Nxd3 29. Bxd3 Nxd7 30. dxc6 Nb6
31. Nc4 Nxc4 32. Bxc4 Be5 $15) 26... Re1+ 27. Kh2 Qxc6 $132) 25... Bxb2 26.
Nxe8 $2 (26. Ra7 $1 Re1+ 27. Kh2 Nc5 28. Qc4 Rxb1 (28... Rd1 29. Ra8 Bd4 30.
Nb5 $18) 29. Qxc5 Ra1 (29... Qf5 $2 30. Qxf8+ $1) (29... Bf6 30. Ra8 Be7 31. d6
Bd8 32. Qb5 Qxb5 33. Nxb5 b2 34. Nc3 Rc1 35. Rxd8 Rxc3 36. Rb8 $16) 30. Ne6 Qe8
31. Nxf8 Rxa7 32. Qxa7 Kxf8 33. Qc5+ Kg8 34. Qb6 $16) 26... Bxa1 27. Qxb3 (27.
Nc7 Na5 $132) 27... Qxe8 28. Qxb7 Qe1+ 29. Kh2 Qxf2 (29... Bd4 $11) 30. Bg3 (
30. Bd6 Bd4) 30... Qe3 31. Bxh7+ Kh8 32. Bc2 (32. Be4 Qxe4 33. Qa8 Kg8) 32...
Be5 33. Bxe5 1/2-1/2

[Event "EU-Cup 16th"]
[Site "Neum"]
[Date "2000.09.26"]
[Round "3.2"]
[White "Svidler, Peter"]
[Black "Almasi, Zoltan"]
[Result "1/2-1/2"]
[WhiteElo "2689"]
[BlackElo "2668"]
[Annotator "Svidler,P"]
[PlyCount "93"]
[EventDate "2000.09.24"]
[EventType "team-swiss"]
[EventRounds "7"]
[EventCountry "BIH"]
[SourceTitle "CBM 080"]
[Source "ChessBase"]
[SourceDate "2001.01.25"]
[SourceVersion "1"]
[SourceVersionDate "2001.01.25"]
[SourceQuality "1"]
[WhiteTeam "St Petersburg"]
[BlackTeam "Niksic Radonja"]
[WhiteTeamCountry "RUS"]
[BlackTeamCountry "YUG"]

1. e4 e5 2. Nf3 Nc6 3. Bb5 a6 4. Ba4 Nf6 5. O-O Be7 6. Re1 b5 7. Bb3 d6 8. c3
O-O 9. h3 Re8 10. d4 Bb7 11. Nbd2 Bf8 12. d5 Nb8 13. Nf1 Nbd7 14. Ng3 Nc5 15.
Bc2 c6 16. b4 Ncd7 17. dxc6 Bxc6 18. Bb3 h6 19. Qd3 (19. Nh2) 19... Qc8 $5 $146
(19... Qc7) 20. Nh4 (20. Nh2 Nb6) 20... Qb7 21. Ng6 d5 22. Nxf8 dxe4 $2 (22...
Nxf8 23. Nf5 Re6 $1 (23... Nxe4 24. Rxe4 dxe4 25. Qg3 $18) (23... Rad8 24. Bxh6
$1 gxh6 25. Qe3 $1 N6h7 (25... Nxe4 26. Qxh6 Ne6 27. Rad1 Qa7 28. Rxe4 $1 dxe4
29. Rxd8 Rxd8 30. Bxe6 fxe6 31. Qxe6+ $18) 26. Qxh6 Ne6 27. Rad1 $16) 24. Qg3
Ng6 25. f3 Nh5 (25... Rd8 26. Be3 Qc7 27. Rad1 Bb7 28. Bc5 $13) 26. Qg4 Nf6 $11
) 23. Qe3 $1 (23. Nxe4 Bxe4 24. Rxe4 Nxf8 25. Re1 $14) 23... Nxf8 (23... Rxf8
24. Nf5 Nh5 25. Nxh6+ $1 gxh6 26. Qxh6 $18) 24. Nf5 Nd5 $8 25. Qg3 Ng6 26. Nd6
Qc7 27. Nxe8 Rxe8 28. c4 $1 (28. Rxe4 Ndf4 $13 29. Re1 $140 $2 Bxg2 $1 (29...
Nxg2 30. Qxg6 Kf8 31. Qxf7+ Qxf7 32. Bxf7 $14) 30. Bxf4 Nxf4 31. Qxf4 exf4 32.
Rxe8+ Kh7 $17) 28... bxc4 29. Bxc4 $14 Qb7 30. Bd2 Ndf4 31. Rac1 Bd5 $1 (31...
Nd3 $2 32. Qxg6 $18) 32. Bxf4 Nxf4 $6 $138 (32... exf4 $142 33. Qb3 Bxc4 34.
Rxc4 Nh4) 33. Qe3 f5 34. Red1 Bxc4 35. Rxc4 Kh7 (35... Nd3 36. Rd2 $14) 36. f3
$1 Qf7 (36... exf3 37. Qxf3 $14) 37. Rc2 Nd5 38. Qb3 Qa7+ 39. Rc5 Nf6 40. Kh2
$6 (40. Rd6 $5 a5 $1 (40... Nd7 41. Qf7 $18) (40... Rc8 41. Qe6 Rxc5 42. bxc5
Qxc5+ 43. Kh2 Kg6 44. fxe4 fxe4 45. Rxa6 $16) 41. a3 axb4 42. axb4 Rc8 43. Qe6
Rxc5 44. bxc5 Qxc5+ 45. Kh2 $14) (40. Kh1 $5) 40... Qb8 $1 41. Rc6 $6 (41. fxe4
Nxe4 42. Rc6 Ng5 $1 43. h4 $5 e4+ 44. Kh1 Nf3 $3 45. gxf3 Qg3 $13) 41... exf3
$1 42. Rxf6 e4+ 43. Rdd6 $8 (43. g3 Qa7 $1 $19) (43. Rfd6 Rd8 44. Qe6 Rxd6 45.
Rxd6 f2 46. Qxf5+ Kh8 47. Qxf2 Qxd6+ $17) 43... Re7 $1 (43... Qc7 44. Qd5 gxf6
45. Qxf5+ Kh8 46. Qxf6+ Qg7 47. Qxg7+ Kxg7 48. gxf3 e3 49. Rd1 $14) (43... Rf8
44. Rxh6+ (44. Rg6 f2 45. Rxg7+ Kxg7 46. Qg3+ Kh7 47. Qg6+ Kh8) 44... gxh6 45.
Qe6 f2 46. Qxh6+ Kg8 47. Qg6+ Kh8 48. g3 Qxd6 49. Qxd6 f1=Q 50. Qxf8+ Kh7 $14)
44. Qd5 (44. Rg6 f2) 44... gxf6 45. Qxf5+ Kg8 46. Qxf6 f2 47. Qg6+ 1/2-1/2